INDIAN BAR REVIEW [ VOL- 47 (4) 2020, A REFEREED JOURNAL , SPECIAL ISSUE ON HUMAN RIGHTS (Record no. 7802)

MARC details
000 -LEADER
fixed length control field 00431nam a22001457a 4500
005 - DATE AND TIME OF LATEST TRANSACTION
control field 20210705104504.0
008 - FIXED-LENGTH DATA ELEMENTS--GENERAL INFORMATION
fixed length control field 210705b ||||| |||| 00| 0 eng d
082 ## - DEWEY DECIMAL CLASSIFICATION NUMBER
Classification number 345.400 5
100 ## - MAIN ENTRY--AUTHOR NAME
Personal name DHAL, DEBI PRASAD AND REDDY, A RAMI.
245 ## - TITLE STATEMENT
Title INDIAN BAR REVIEW [ VOL- 47 (4) 2020, A REFEREED JOURNAL , SPECIAL ISSUE ON HUMAN RIGHTS
260 ## - PUBLICATION, DISTRIBUTION, ETC. (IMPRINT)
Place of publication NEW DELHI
Name of publisher BCIT
Year of publication 2020
300 ## - PHYSICAL DESCRIPTION
Number of Pages 470,P
650 ## - SUBJECT ADDED ENTRY--TOPICAL TERM
Topical Term LAW
942 ## - ADDED ENTRY ELEMENTS (KOHA)
Koha item type Journals/Serial
Holdings
Lost status Damaged status Collection code Home library Current library Shelving location Date acquired Source of acquisition Cost, normal purchase price Full call number Accession Number Koha item type
    LAW JRU Library JRU Library SHELF-33-F 05/07/2021 PURCHESE 16000.00 345.400 5 25817 Journals/Serial
    LAW JRU Library JRU Library SHELF-33-E 05/07/2021 PURCHESE 16000.00 345.400 5 25818 Journals/Serial
    LAW JRU Library JRU Library SHELF-33-F 05/07/2021 PURCHESE 16000.00 345.400 5 25819 Journals/Serial
    LAW JRU Library JRU Library SHELF-33-E 05/07/2021 PURCHESE 16000.00 345.400 5 25820 Journals/Serial
    LAW JRU Library JRU Library SHELF-33-F 05/07/2021 PURCHESE 16000.00 345.400 5 25821 Journals/Serial
    LAW JRU Library JRU Library SHELF-33-F 05/07/2021 PURCHESE 16000.00 345.400 5 25822 Journals/Serial
    LAW JRU Library JRU Library SHELF-33-F 05/07/2021 PURCHESE 16000.00 345.400 5 25823 Journals/Serial
    LAW JRU Library JRU Library SHELF-33-F 05/07/2021 PURCHESE 16000.00 345.400 5 25824 Journals/Serial
    LAW JRU Library JRU Library SHELF-33-E 05/07/2021 PURCHESE 16000.00 345.400 5 25825 Journals/Serial
    LAW JRU Library JRU Library SHELF-33-F 05/07/2021 PURCHESE 16000.00 345.400 5 25826 Journals/Serial